Statistics for Python Programming Basics - KS3

Click here to take the quiz!

General Stats

  • This quiz has been taken 789 times
  • The average score is 11 of 17

Answer Stats

HintAnswer% Correct
Ask user for some data, called an IInput
92%
Data type to store a whole number, IInteger
91%
Data type to store characters, SString
90%
Data type to store a real/decimal number, FFloat
89%
Display information on the screen, OOutput
77%
Store data in a VVariable
76%
Perform a operation on numbers with +addition
75%
Perform a operation on numbers with *multiplication
74%
Perform a operation on numbers with /division
73%
P__________ languageprogramming
68%
Selection in python uses else if by typingelif
65%
Selection ends with, Eelse
63%
Selection starts withif
63%
Python is a H_ _ _ L_ _ _ _high level
34%
because in this you can't save or E_ _ _edit
33%
To write python programs we use I_ _ _IDLE
28%
Never type in the S_ _ _ _Shell
25%

Score Distribution

Percentile by Number Answered

Percent of People with Each Score

Your Score History

You have not taken this quiz